000 00340 a2200145 4500
005 20250629142320.0
020 _a978-1-85732-6799
082 _a658.1511076 ACC
100 _aACCA
245 _aPerformance Management
250 _aPAPER F5
260 _aBritain
_bKaplan
_c2010
300 _axxiv, 278p.: ill Table
_c29cm
942 _2ddc
_cBKS
999 _c6155
_d6155